| 000 | 00760nam a2200229 a 4500 | ||
|---|---|---|---|
| 001 | 57092 | ||
| 003 | BD-RjUL | ||
| 005 | 20211209080452.0 | ||
| 008 | 161205s1943 ii ||||| |||| 00| 0 ben d | ||
| 020 | _c: IRs 1.00 | ||
| 035 | _a(BD-RjUL) 57216 | ||
| 040 |
_aBD-RjUL _bben _cBD-RjUL |
||
| 041 | _aben | ||
| 082 |
_223 _a891.441 _bHOP 1943 |
||
| 100 |
_aহোসেন, কাজী আকরম _9126662 |
||
| 245 | 1 | 0 |
_aপল্লীবাণী / _cকাজী আকরম হোসেন |
| 260 |
_aকলিকাতা : _bইতিকথা বুক, _c১৯৪৩ |
||
| 300 |
_a৬৭ পৃ. ; _c১৭ সেমি. |
||
| 650 |
_aবাংলা কবিতা _9169595 |
||
| 650 |
_aBengali Poetry _9169596 |
||
| 942 |
_2ddc _cBK |
||
| 999 |
_c57092 _d57092 |
||